Ends in 'QUE' II Quiz Stats

Quiz Updated Dec 4, 2014

Also try: Ends in 'QUE'
Challenge
Share
Tweet
Embed
Score 0/13 Timer 05:00
4 Plays Today
Hint Answer % Correct
the form and size of a person's bodyphysique
79%
a small group of people who spend time together and do not readily allow others to joinclique
67.9%
a rich, creamy soup typically made from shellfishbisque
58%
a language of France and Spain with no known relation to any other languageBasque
45%
abrupt or offhand in speech or mannerbrusque
27.4%
a ballet position on one leg with the other leg extended horizontally backwardarabesque
23.6%
attractively tall and dignifiedstatuesque
21.5%
an official announcement or statementcommuniqué
11.5%
a small movie theater, especially showing avant-garde or classic moviescinematheque
4.1%
like or appropriate to a very large persongigantesque
1.6%
a strong dark tobacco from Louisianaperique
0.8%
a short, lively piece of musichumoresque
0.7%
an expression capable of having more than one meaning; a punequivoque
0.7%

You're not logged in!

Compare scores with friends on all Sporcle quizzes.
Sign Up with Email
OR
Log In

You Might Also Like...

Show Comments

Extras

Top Quizzes Today


Score Distribution

Your Account Isn't Verified!

In order to create a playlist on Sporcle, you need to verify the email address you used during registration. Go to your Sporcle Settings to finish the process.